UITU Library & LRC     

Jones' Instrument Technology: instrumentation systems (Record no. 7569)

MARC details
000 -LEADER
fixed length control field 00497nam a2200181Ia 4500
008 - FIXED-LENGTH DATA ELEMENTS--GENERAL INFORMATION
fixed length control field 240925s9999 xx 000 0 und d
020 ## - INTERNATIONAL STANDARD BOOK NUMBER
International Standard Book Number 408007591
082 ## - DEWEY DECIMAL CLASSIFICATION NUMBER
Classification number 621.381548 JON
100 ## - MAIN ENTRY--PERSONAL NAME
Personal name Not - Available
245 #0 - TITLE STATEMENT
Title Jones' Instrument Technology: instrumentation systems
250 ## - EDITION STATEMENT
Edition statement 4th
260 ## - PUBLICATION, DISTRIBUTION, ETC.
Place of publication, distribution, etc. Oxford:
Name of publisher, distributor, etc. Butter worth -Heineman
Date of publication, distribution, etc. ,2003.
300 ## - PHYSICAL DESCRIPTION
Extent xix,304p.
Other physical details 4
Type of unit Original
500 ## - GENERAL NOTE
General note Includes Index
600 ## - SUBJECT ADDED ENTRY--PERSONAL NAME
Personal name Electronic Engineering
650 ## - SUBJECT ADDED ENTRY--TOPICAL TERM
Topical term or geographic name entry element Technology
942 ## - ADDED ENTRY ELEMENTS (KOHA)
Koha item type Books
Holdings
Withdrawn status Lost status Source of classification or shelving scheme Damaged status Not for loan Collection Home library Current library Date acquired Source of acquisition Total checkouts Full call number Barcode Date last seen Price effective from Koha item type
    Dewey Decimal Classification     Electrical Engineering UITU Library UITU Library 05/20/2003 Royal Book Company   621.381548 NOL Q5070 09/25/2024 09/25/2024 Books

Powered by Koha